ゴー☆ジャスのネタの国名 - Statistics

General Stats
  • This quiz has been taken 6,478 times
  • The average score is 17 of 29
Answer Stats
Hint Answer % Correct
まだ助かる マダガスカル
99%
腹の具合が パラグアイ
91%
押すと...ラリアットが!? オーストラリア
91%
あるジュエリーは嫌 アルジェリア
90%
スゲー変 スウェーデン
87%
売るくらいなら ウルグアイ
80%
もう六個 モロッコ
77%
えっ!?字、太! エジプト
76%
小須田梨華 コスタリカ
73%
あら?部長かくれんぼ? アラブ首長国連邦
73%
いつ会える イスラエル
69%
ファンからティッシュ バングラデシュ
66%
あいつなんと... アイスランド
66%
ヒント無しや インドネシア
65%
乳児 ニュージーランド
64%
持って寝袋 モンテネグロ
61%
やっぱ生? パナマ
57%
登山ウィーク モザンビーク
55%
グラタン ラザニア タンザニア
54%
落書きしたん? アフガニスタン
48%
やる気なさそう ブルキナファソ
45%
席どこ?君は 赤道ギニア
45%
剥く、全部剥く ルクセンブルク
42%
炭火や! ナミビア
40%
いやいや無理だ、今日は僕 南アフリカ共和国
33%
パパは牛乳屋 バハマ
27%
こんにーちーはー カンボジア
25%
ババアどうする? バルバドス
18%
ビール瓶 フィリピン
18%
No matching quizzes found
Score Distribution
Percent of People with Each Score
Percentile by Number Answered
Your Score History
You have not taken this quiz